Is the answer 12? - sudden death - Statistics

General Stats
  • This quiz has been taken 16 times
  • The average score is 6 of 24
Answers on the Grid
Answers color-coded by a green-red scale on the quiz's grid according to % correct below.
Midday
English Channel width in miles
Petals on a daisy
Months in a year
Chinese zodiac animals
A dozen
Weight of the heaviest tree in tons
56°F in Celsius
Inches in a foot
Disciples of Jesus
Pairs of ribs in humans
Days the moon takes to orbit the Earth
Tennis doubles court width in yards
The Amazon's maximum width in miles
Hours on a clock face
London Boroughs
Degrees the Tower of Pisa is leaning
Prime ministers under Elizabeth II
P.m. time of the warmest point of the day
The fastest flying insect in mph
The most cylinders in production cars
Official languages of South Africa
Longest non-stop airliner route in hours
Tom Brady's number
Sunrises per year on Venus
Face cards in a deck
Tribes of Israel
Bullets in an AK-47
Jury members in England
Most total goals scored in a draw in soccer
Smallest integer with six factors
Deepest known tree root in metres
The age of the youngest WW2 soldier
Fermions
Men who have walked on the moon
Teeth in an elephant's mouth
Named notes in music
World's heaviest vehicle in tonnes
Tyrannosaurus tooth length in inches
Deepest hole in miles
Height of an A380 in metres
Longest snake in metres
Atomic number of magnesium
A number next to 5 on a dartboard
States of Ethiopia
Most cylinders in a vehicle
Maximum sloth speed in mph
Average 1970 UK house price, in thousands of pounds
 
Answer Stats
Answer % Correct
Midday
91%
A dozen
82%
Months in a year
64%
Chinese zodiac animals
45%
Hours on a clock face
45%
Inches in a foot
45%
Most commonly Pairs of ribs in humans
36%
Disciples of Jesus
27%
Jury members in England
27%
1, 2, 3, 4, 6, 12 Smallest integer with six factors
18%
Tribes of Israel
18%
A number next to 5 on a dartboard
9%
Atomic number of magnesium
9%
Face cards in a deck
9%
Men who have walked on the moon
9%
Named notes in music
9%
Official languages of South Africa
9%
Fermions
0%
Professional football only Most total goals scored in a draw in soccer
0%
States of Ethiopia
0%
Tennis doubles court width in yards
0%
The most cylinders in production cars
0%
Tom Brady's number
0%
Tyrannosaurus tooth length in inches
0%
No matching quizzes found
Score Distribution
Percent of People with Each Score
Percentile by Number Answered
Your Score History
You have not taken this quiz